000 00535nam a2200181Ia 4500
003 GCL
008 140319s9999 xx 000 0 ara d
040 _aGCL /
_cGCL
082 0 4 _a131.3
_bم ك
100 1 _aمحمد تقى المدرس
245 1 0 _aكيف تحيا سعيدا /
_cمحمد تقى المدرس
260 _a[S.N] :
_bدار مكتبة الهلال للطباعة والنشر ،
_c1985
300 _a95
490 _a
650 0 4 _aعلم النفس
650 0 4 _aالتحليل النفسى
942 _2ddc
_cBK
999 _c53066
_d53066